000 01226nam a2200265 i 4500
001 153738
003 ES-MaACL
005 20230906205351.0
008 990920m18651869sp |||| | spa d
245 0 0 _aLegislación ultramarina /
_cconcordada y anotada por Joaquín Rodríguez San Pedro ; con la colaboración de Antonio Fernández Chorot, Eduardo y Arturo Piera y Manuel González Junguitu.
260 _aMadrid :
_b[s.n.],
_c1865-1869 (
_fImp. de los señores Viota, Cubas y Vicente)
300 _a16 v. ;
_c28 cm.
594 _aTít. particular de los v. 10-13: Suplemento primero.
594 _aTít. particular del v. 14: Índice de la obra y del primer suplemento.
594 _aTít. particular de los v. 15-16: Suplemento segundo.
596 _aVol. 3-5 impresos en: Estab. Tip. de José Fernández Cancela.
596 _aVol. 6-16 impresos en: Imp. de Manuel Minuesa.
650 _aDerecho colonial-
_zEspaña.
_9170999
700 1 _aRodriguez San Pedro, Joaquín.
_9131930
700 1 _aFernández Chorot, Antonio.
_9127038
700 1 _aPiera, Eduardo.
_9131146
700 1 _aPiera, Arturo.
_9131145
700 1 _aGonzález Junguitu, Manuel.
_9127416
852 _aES-MaACL
_jC-18504-19
_z- Enc. hol.
999 _c153738
_d153738